Mot manquant - Titre de film - Statistiques

Statistiques générales
  • Ce quiz a été pris 668 fois
  • Le résultat moyen est 22 sur 50
Statistiques - réponses
Mot Film Année % Correct
âge L'_________ de glace 2001
92%
diable Le __________ s'habille en Prada 2006
91%
bad Very _________ trip 2009
90%
island Shutter ___________ 2010
81%
petits Les __________ mouchoirs 2010
81%
bonheur La mélodie du ___________ 1965
77%
call _________ me by your name 2017
76%
roi Le discours d'un __________ 2011
65%
dimanche Un long _________ de fiançailles 2004
64%
inglorious ___________ basterds 2009
64%
millionnaire Slumdog ____________ 2008
64%
noces Les _________ funèbres 2005
63%
player Ready _________ one 2018
60%
x American history __________ 1998
59%
basic __________ instinct 1992
58%
crime Le ________ était presque parfait 1954
55%
sunshine Eternal _________ of the spotless mind 2004
55%
canapé Diamants sur ________ 1961
53%
battre De _________ mon coeur s'est arrêté 2005
52%
beau Je vous trouve très _________ 2006
51%
Guillaume Les garçons et __________ à table 2013
48%
country No _________ for old men 2008
47%
train Ceux qui m'aiment prendront le _________ 1998
47%
labyrinthe Le __________ de Pan 2006
46%
enfants La cité des _________ perdus 1995
44%
tramway Un __________ nommé désir 1951
43%
château Le _________ dans le ciel 1986
42%
anglais Le patient __________ 1997
39%
rouille De _________ et d'os 2012
39%
facteur Le __________ sonne toujours deux fois 1946
36%
suicides Virgin __________ 2000
35%
Donnie __________ Darko 2002
33%
mood In the ________ for love 2000
33%
Beckham Joue la comme __________ 2002
32%
rocky The _______ horror picture show 1976
30%
Stargate __________, la porte des étoiles 1995
30%
Monsieur L'impossible _________ Bébé 1938
27%
piel La ________ que habito 2011
25%
jupe La journée de la ________ 2008
24%
arnaques __________, crimes et botanique 1998
21%
femmes __________ au bord de la crise de nerf 1989
21%
chaleur Dans la __________ de la nuit 1967
20%
braves De l'or pour les _________ 1970
19%
juge Le _________ et l'assassin 1976
18%
Courgette Ma vie de ___________ 2015
16%
graine La _________ et le mulet 2007
13%
Smith Mr _________ au Sénat 1939
13%
garde Jusqu'à la __________ 2018
12%
village Le _________ des damnés 1960
7%
scorpion Le sortilège du _________ de jade 2001
6%
Aucun quiz correspondant
Distribution des résultats
% des personnes avec chaque résultat
Percentile par nombre de réponses
Votre historique - résultats
Vous n’avez pas pris ce quiz